| 000 | 00788nam a2200217 a 4500 | ||
|---|---|---|---|
| 001 | 000026013 | ||
| 005 | 20210906150015.0 | ||
| 008 | 110225s2007 dr a 000 0 spa d | ||
| 020 | _a9789945161823 | ||
| 040 |
_aDO-SdBNP _bspa _cBNPHU |
||
| 082 |
_a306.81 _bB248o |
||
| 100 | 1 |
_aBaret B., Víctor C., _948916 |
|
| 245 | 1 | 0 |
_aOrientación pre-matrimonial : _buna orientación práctica y completa para losque van a contraer nupcias / _cVíctor C. Baret B.; prólogo Pedro Castillo Juan. |
| 260 |
_aSanto Domingo : _bBúho, _c2007. |
||
| 300 |
_a78 p. : _bil. ; _c22 cm. |
||
| 650 | 4 |
_aConsejería matrimonial _91274 |
|
| 650 | 4 |
_aMatrimonio _xAspectos religiosos _92391 |
|
| 650 | 4 |
_aElección del cónyuge _91472 |
|
| 700 | 1 |
_aCastillo Juan, Pedro, _d1950- _epról. _910799 |
|
| 049 | _aBNPD | ||
| 999 |
_c25505 _d25505 |
||